[Event "Brandenburg-ch Seniors 18th"]
[Site "Rowy"]
[Date "2009.06.29"]
[Round "8"]
[White "Merker, David"]
[Black "David, Heinz Dieter"]
[Result "1-0"]
[WhiteElo "1523"]
[BlackElo "1387"]
[PlyCount "99"]
[EventDate "2009.06.22"]
[EventType "swiss"]
[EventRounds "9"]
[EventCountry "POL"]
[SourceTitle "EXT 2022"]
[Source "ChessBase"]
[SourceDate "2021.10.06"]
[SourceVersion "1"]
[SourceVersionDate "2021.10.06"]
[SourceQuality "1"]

1. d4 d5 2. Nc3 e6 3. Nf3 Nf6 4. a3 Be7 5. Bg5 Nc6 6. e3 0-0 7. Be2 a6 8. Qd3 Bd7 9. h4 Na7 10. h5 Bb5 11. Nxb5 Nxb5 12. Ne5 Ne4 13. Bxe7 Qxe7 14. Rh3 Nbd6 15. f4 Nf5 16. Bf3 c5 17. c3 c4 18. Qc2 Ned6 19. Qe2 a5 20. 0-0-0 b5 21. Rdh1 b4 22. g4 bxc3 23. bxc3 Nxe3 24. Qxe3 Nb5 25. Qd2 Qxa3+ 26. Qb2 Qxc3+ 27. Qxc3 Nxc3 28. h6 g6 29. f5 Rab8 30. Kc2 Na4 31. Bd1 Rb2+ 32. Kc1 Rfb8 33. Bxa4 Ra2 34. Bc2 a4 35. R1h2 Ra1+ 36. Kd2 Ra2 37. Rc3 Rb3 38. Nc6 Rab2 39. Rhh3 Rb6 40. Ne7+ Kf8 41. f6 Ra6 42. Ra3 Ke8 43. Kc1 Rb4 44. Nc6 Rxc6 45. Bxa4 Kd7 46. Bxc6+ Kxc6 47. Ra7 Rb7 48. Rha3 Kb6 49. R3a6+ Kc7 50. Ra8 1-0

[Event "Brandenburg-ch Seniors 18th"]
[Site "Rowy"]
[Date "2009.06.24"]
[Round "3"]
[White "Merker, David"]
[Black "Thur, Herbert"]
[Result "1-0"]
[WhiteElo "1523"]
[BlackElo "1318"]
[PlyCount "90"]
[EventDate "2009.06.22"]
[EventType "swiss"]
[EventRounds "9"]
[EventCountry "POL"]
[SourceTitle "EXT 2022"]
[Source "ChessBase"]
[SourceDate "2021.10.06"]
[SourceVersion "1"]
[SourceVersionDate "2021.10.06"]
[SourceQuality "1"]

1. e4 e5 2. Nc3 d6 3. Nge2 Nf6 4. d3 Nc6 5. f3 Be6 6. Be3 d5 7. exd5 Nxd5 8. Nxd5 Bxd5 9. Qd2 h6 10. c3 Be7 11. Ng3 Bg5 12. f4 exf4 13. Bxf4 Qe7+ 14. Ne2 Bh4+ 15. Kd1 0-0-0 16. Kc2 Bf2 17. Ng3 Bxg3 18. Bxg3 Qf6 19. Be2 Rhe8 20. Rhf1 Qg6 21. Rf2 Re7 22. a3 Rde8 23. Raf1 Na5 24. Bh4 Nb3 25. Qf4 Rxe2+ 26. Rxe2 Rxe2+ 27. Kb1 Qxd3+ 28. Ka2 Qxc3 29. Qg4+ Be6 30. Qxe2 Nd4+ 31. Qxe6+ fxe6 32. bxc3 Nf5 33. Bf2 b6 34. g4 Ne7 35. Rd1 g5 36. Bd4 c5 37. Bf6 Nd5 38. Bg7 Ne3 39. Re1 Nxg4 40. Rxe6 Nxh2 41. Rxh6 Nf3 42. Rh3 g4 43. Rg3 Nh2 44. Rg2 Nf3 45. Rxg4 Kb7 1-0

[Event "Brandenburg Seniors op 13th"]
[Site "Rowy"]
[Date "2004.06.29"]
[Round "8"]
[White "Prokopczuk, Antoni"]
[Black "Merker, David"]
[Result "0-1"]
[WhiteElo "2001"]
[BlackElo "1483"]
[PlyCount "148"]
[EventDate "2004.06.21"]
[EventType "swiss"]
[EventRounds "9"]
[EventCountry "POL"]
[SourceTitle "EXT 2006"]
[Source "ChessBase"]
[SourceDate "2005.11.24"]
[SourceVersion "1"]
[SourceVersionDate "2005.11.24"]
[SourceQuality "1"]

1. d4 d5 2. Nf3 Nf6 3. c4 e6 4. a3 c6 5. Nc3 Be7 6. e3 0-0 7. Bd3 Nbd7 8. Qc2 h6 9. cxd5 cxd5 10. b4 a6 11. Bb2 Bd6 12. h3 Re8 13. 0-0 e5 14. e4 dxe4 15. Nxe4 exd4 16. Nxd4 Be5 17. Rad1 Qb6 18. Nxf6+ Nxf6 19. Nf3 Bxb2 20. Qxb2 Be6 21. Rd2 Rad8 22. Rfd1 Bd5 23. Nh2 Qc6 24. Bf1 Rd7 25. b5 Qc8 26. bxa6 bxa6 27. Qb6 Re6 28. Qb2 Ree7 29. Rc1 Qa8 30. Rdc2 Re8 31. Qb6 Bb7 32. Rc7 Nd5 33. Qxb7 Qxb7 34. Rxb7 Rxb7 35. Bxa6 Rc7 36. Ra1 Nc3 37. Nf3 Ne2+ 38. Kh2 Rc1 39. Ra2 Nc3 40. Rb2 Rd8 41. Ne5 Ne4 42. Bc4 Nd6 43. Ba2 Kf8 44. a4 g6 45. Rd2 Ke7 46. Bd5 Rdc8 47. Ng4 h5 48. Re2+ Kf8 49. Nf6 R1c2 50. Nd7+ Kg7 51. Rxc2 Rxc2 52. f3 Nf5 53. Be4 Ra2 54. Bc6 h4 55. Kg1 Nd4 56. Bd5 Rxa4 57. Kf2 Nf5 58. Be4 Ra2+ 59. Kg1 Ng3 60. Bc6 Ra1+ 61. Kf2 Rf1+ 62. Ke3 Re1+ 63. Kd3 Nf5 64. Kd2 Re6 65. Ba4 Ne3 66. Nc5 Nf1+ 67. Kd3 Re3+ 68. Kd4 Re1 69. Nd3 Re7 70. Nc5 Ne3 71. Ne4 Nxg2 72. Bb5 f5 73. Bf1 fxe4 74. Bxg2 e3 0-1

[Event "Brandenburg Seniors op 13th"]
[Site "Rowy"]
[Date "2004.06.27"]
[Round "6"]
[White "Przewoznik, Emil"]
[Black "Merker, David"]
[Result "1-0"]
[WhiteElo "2144"]
[BlackElo "1483"]
[PlyCount "111"]
[EventDate "2004.06.21"]
[EventType "swiss"]
[EventRounds "9"]
[EventCountry "POL"]
[SourceTitle "EXT 2006"]
[Source "ChessBase"]
[SourceDate "2005.11.24"]
[SourceVersion "1"]
[SourceVersionDate "2005.11.24"]
[SourceQuality "1"]

1. d4 c6 2. Nf3 e6 3. c4 d5 4. cxd5 cxd5 5. Nc3 a6 6. Bg5 Be7 7. Bxe7 Nxe7 8. e3 0-0 9. Bd3 Nbc6 10. Rc1 Bd7 11. 0-0 Rc8 12. a3 b5 13. Ne2 Na5 14. Rxc8 Nxc8 15. Qb1 g6 16. Ne5 Nd6 17. Rc1 Nac4 18. Bxc4 Nxc4 19. Nd3 Qb6 20. Nc5 Bc6 21. Nf4 Re8 22. Nfd3 Kg7 23. Nb4 Bb7 24. Nxb7 Qxb7 25. b3 Nb6 26. Nd3 Re7 27. Qc2 a5 28. Qc5 Na8 29. Qd6 Qd7 30. Qa6 Nc7 31. Qxa5 Qd6 32. Ne5 f6 33. Rc6 Qd8 34. Nd3 e5 35. Qc3 exd4 36. Qxd4 Qd7 37. Qxf6+ Kg8 38. Rd6 Qe8 39. Nc5 Rf7 40. Qh4 Qe5 41. Rd8+ Kg7 42. Qd4 Qxd4 43. exd4 Re7 44. Kf1 Kf7 45. Rd6 Ke8 46. a4 bxa4 47. bxa4 Kf7 48. a5 Nb5 49. Rxd5 Nc7 50. Rd7 Ke8 51. Rxe7+ Kxe7 52. Ke2 Kd6 53. Kd3 Kd5 54. a6 Nb5 55. Nd7 Nxd4 56. a7 1-0

[Event "Brandenburg Seniors op 13th"]
[Site "Rowy"]
[Date "2004.06.23"]
[Round "3"]
[White "Merker, David"]
[Black "Micheel, Peter"]
[Result "0-1"]
[WhiteElo "1483"]
[BlackElo "1814"]
[PlyCount "116"]
[EventDate "2004.06.21"]
[EventType "swiss"]
[EventRounds "9"]
[EventCountry "POL"]
[SourceTitle "EXT 2006"]
[Source "ChessBase"]
[SourceDate "2005.11.24"]
[SourceVersion "1"]
[SourceVersionDate "2005.11.24"]
[SourceQuality "1"]

1. Nf3 d5 2. e3 Bg4 3. Be2 e6 4. c4 Nf6 5. b3 Be7 6. Bb2 0-0 7. d4 h6 8. Nbd2 Nbd7 9. 0-0 c6 10. h3 Bf5 11. Ne5 Nxe5 12. dxe5 Nd7 13. Nf3 Qc7 14. Rc1 dxc4 15. Bxc4 Rad8 16. Qe1 Nc5 17. Qc3 Ne4 18. Qe1 Nc5 19. Qc3 Nd3 20. Rcd1 Bb4 21. Qc2 Nxe5 22. e4 Nxf3+ 23. gxf3 Bxh3 24. e5 Bxf1 25. Bxf1 Rxd1 26. Qxd1 Rd8 27. Qc1 Bd2 28. Qc4 Bf4 29. Qxf4 Rd7 30. Qe4 Qd8 31. Bc3 Qg5+ 32. Kh2 Rd1 33. Bg2 Qd8 34. Kg3 Rd3 35. Qc4 Qg5+ 36. Kh2 Qd8 37. Bf1 Rxf3 38. Kg2 Rf5 39. Bd3 Qg5+ 40. Kf1 Qc1+ 41. Be1 Qxc4 42. bxc4 Rxe5 43. f4 Re3 44. Be2 Ra3 45. Kf2 Rxa2 46. Bc3 a5 47. Ke3 a4 48. Bb4 Rb2 49. Bc5 a3 50. Bd4 Rb3+ 51. Kd2 a2 52. Bd3 Rb1 53. c5 a1Q 54. Bxa1 Rxa1 55. Ke3 Ra3 56. Kd4 Rxd3+ 57. Kxd3 h5 58. Ke3 Kh7 0-1

[Event "Brandenburg Seniors op 13th"]
[Site "Rowy"]
[Date "2004.06.22"]
[Round "2"]
[White "Sube, Guenter"]
[Black "Merker, David"]
[Result "1-0"]
[WhiteElo "1787"]
[BlackElo "1483"]
[PlyCount "86"]
[EventDate "2004.06.21"]
[EventType "swiss"]
[EventRounds "9"]
[EventCountry "POL"]
[SourceTitle "EXT 2006"]
[Source "ChessBase"]
[SourceDate "2005.11.24"]
[SourceVersion "1"]
[SourceVersionDate "2005.11.24"]
[SourceQuality "1"]

1. e4 c6 2. d4 d5 3. exd5 cxd5 4. Bd3 Nf6 5. Ne2 Bg4 6. f3 Bh5 7. 0-0 e6 8. c3 Be7 9. Bg5 Nbd7 10. Nd2 0-0 11. Qc2 Rc8 12. Rae1 Re8 13. Nf4 a6 14. Nxh5 Nxh5 15. Bxh7+ Kh8 16. Bxe7 Qxe7 17. Bd3 Qg5 18. Nb3 g6 19. Qd2 Qxd2 20. Nxd2 Nf4 21. Bb1 Kg7 22. g3 Nh5 23. f4 Rh8 24. Nf3 Nhf6 25. Re2 Ng4 26. h4 Rce8 27. Rfe1 Re7 28. f5 Nf8 29. fxg6 Nxg6 30. Bxg6 Kxg6 31. Ne5+ Nxe5 32. Rxe5 Rh5 33. Kh2 Rxe5 34. dxe5 f6 35. exf6 Kxf6 36. g4 e5 37. Kg3 Ke6 38. Rf1 e4 39. g5 Ke5 40. g6 e3 41. h5 e2 42. Re1 Kf6 43. Kf2 Re5 1-0

[Event "Brandenburg Seniors op 09th"]
[Site "Uckley"]
[Date "2000.09.28"]
[Round "5"]
[White "Merker, David"]
[Black "Heinze, Johannes"]
[Result "1-0"]
[WhiteElo "1624"]
[BlackElo "1436"]
[PlyCount "67"]
[EventDate "2000.09.25"]
[EventType "swiss"]
[EventRounds "7"]
[EventCountry "GER"]
[SourceTitle "EXT 2006"]
[Source "ChessBase"]
[SourceDate "2005.11.24"]
[SourceVersion "1"]
[SourceVersionDate "2005.11.24"]
[SourceQuality "1"]

1. e4 e5 2. f4 Nc6 3. Nf3 d6 4. Bc4 Bg4 5. 0-0 Nd4 6. Nc3 Bxf3 7. gxf3 c6 8. fxe5 dxe5 9. d3 Bc5 10. Kh1 Qh4 11. f4 Bd6 12. Bxf7+ Kd7 13. Ne2 Nf6 14. Nxd4 exd4 15. e5 Ng4 16. Qe2 Bc7 17. Rg1 h5 18. Bd2 g5 19. Be1 Qh3 20. Rg3 Qxg3 21. Bxg3 Ne3 22. c3 h4 23. cxd4 hxg3 24. Qxe3 Rh3 25. Kg2 g4 26. Qe4 Rxh2+ 27. Kxg3 Rah8 28. Qf5+ Kd8 29. Qxg4 Rxb2 30. Qg5+ Kc8 31. Be6+ Kb8 32. Kf3 a5 33. Re1 Rxa2 34. Bxa2 1-0

[Event "Brandenburg Seniors op 09th"]
[Site "Uckley"]
[Date "2000.09.27"]
[Round "4"]
[White "Gensch, Manfred"]
[Black "Merker, David"]
[Result "1-0"]
[WhiteElo "1808"]
[BlackElo "1624"]
[PlyCount "47"]
[EventDate "2000.09.25"]
[EventType "swiss"]
[EventRounds "7"]
[EventCountry "GER"]
[SourceTitle "EXT 2006"]
[Source "ChessBase"]
[SourceDate "2005.11.24"]
[SourceVersion "1"]
[SourceVersionDate "2005.11.24"]
[SourceQuality "1"]

1. e4 c5 2. c3 Nc6 3. d4 e6 4. Nf3 d5 5. exd5 exd5 6. Be3 c4 7. b3 b5 8. a4 Rb8 9. axb5 Na5 10. bxc4 Nxc4 11. Bxc4 dxc4 12. Ne5 Qd5 13. 0-0 Bb7 14. f3 Qxb5 15. Nd2 Ne7 16. Qc2 Nd5 17. Bf2 Nb6 18. Rfb1 Qd5 19. Rxa7 f6 20. Rxb6 fxe5 21. Qa4+ Qd7 22. Qxd7+ Kxd7 23. Rbxb7+ Rxb7 24. Rxb7+ 1-0